[Event "Treber Memorial 5th"]
[Site "Vinkovci"]
[Date "2008.09.06"]
[Round "3"]
[White "Grgurevic, Marinko"]
[Black "Lukic, Milutin"]
[Result "1-0"]
[WhiteElo "2030"]
[BlackElo "2131"]
[PlyCount "155"]
[EventDate "2008.09.05"]
[EventType "swiss"]
[EventRounds "9"]
[EventCountry "CRO"]
[SourceTitle "CBM 126 Extra"]
[Source "ChessBase"]
[SourceDate "2008.11.05"]
[SourceVersion "1"]
[SourceVersionDate "2008.11.05"]
[SourceQuality "1"]

1. d4 c6 2. c4 Nf6 3. Nf3 d5 4. e3 Nbd7 5. Nc3 e6 6. Bd3 Bb4 7. 0-0 g6 8. Qc2 a6 9. e4 Bxc3 10. bxc3 dxe4 11. Bxe4 Nxe4 12. Qxe4 Qa5 13. Bd2 Qf5 14. Qe2 0-0 15. c5 Re8 16. Rfe1 e5 17. Nxe5 f6 18. Qc4+ Qe6 19. Qxe6+ Rxe6 20. Nc4 Nf8 21. Bh6 Rxe1+ 22. Rxe1 Be6 23. Nb6 Re8 24. Bxf8 Kxf8 25. a3 Kf7 26. f3 Rd8 27. Kf2 g5 28. g4 h6 29. Kg3 f5 30. gxf5 Bxf5 31. Nc4 Kf6 32. Nd6 b5 33. Re5 Bd7 34. Kf2 a5 35. h4 gxh4 36. Rh5 h3 37. Rxh6+ Kg7 38. Rh4 b4 39. cxb4 axb4 40. axb4 Rb8 41. Ke3 Rxb4 42. Ke4 Rb1 43. Ke5 Re1+ 44. Ne4 Rh1 45. Kd6 Bc8 46. f4 h2 47. Nf2 Rg1 48. Rxh2 Rg6+ 49. Ke5 Bd7 50. f5 Rg5 51. Kd6 Bxf5 52. Kxc6 Rg6+ 53. Kd5 Be6+ 54. Ke5 Bf7 55. Ne4 Re6+ 56. Kf5 Re8 57. Rg2+ Kf8 58. Nd6 Be6+ 59. Kf6 Bd5 60. Rh2 Re6+ 61. Kf5 Re1 62. Rh8+ Kg7 63. Re8 Rd1 64. Ke5 Bc6 65. Nf5+ Kf7 66. Re7+ Kf8 67. Rc7 Re1+ 68. Kf6 Be8 69. Rc8 Rf1 70. c6 Rg1 71. d5 Rg6+ 72. Ke5 Rg1 73. c7 Rc1 74. Nd6 Re1+ 75. Kf6 Rf1+ 76. Nf5 Rc1 77. d6 Rc6 78. Rd8 1-0

[Event "Bizovac Metalis op 10th"]
[Site "Bizovac"]
[Date "2003.02.27"]
[Round "2"]
[White "Grgurevic, Marinko"]
[Black "Brkic, Ante"]
[Result "0-1"]
[WhiteElo "2172"]
[BlackElo "2402"]
[PlyCount "42"]
[EventDate "2003.02.26"]
[EventType "swiss"]
[EventRounds "9"]
[EventCountry "CRO"]
[SourceTitle "CBM 092 Extra"]
[Source "ChessBase"]
[SourceDate "2003.03.07"]
[SourceVersion "1"]
[SourceVersionDate "2003.03.07"]
[SourceQuality "1"]

1. e4 c5 2. Nf3 d6 3. d4 cxd4 4. Nxd4 Nf6 5. Nc3 g6 6. Be3 Bg7 7. Bb5+ Nbd7 8. 0-0 a6 9. Bxd7+ Qxd7 10. f3 b5 11. a3 0-0 12. Qd2 Re8 13. Rad1 Bb7 14. Nb3 Qc7 15. Qf2 Nd7 16. Bd4 Ne5 17. Bb6 Qc8 18. Nd5 Bxd5 19. Rxd5 Nc4 20. c3 Bh6 21. Qe2 Nxb6 0-1